Learning Resource and Development

The butterfly rises : (Record no. 18609)

MARC details
000 -LEADER
fixed length control field 01151cam a2200301 a 4500
001 - CONTROL NUMBER
control field butterflyriseson00trem
003 - CONTROL NUMBER IDENTIFIER
control field CaSfIA
005 - DATE AND TIME OF LATEST TRANSACTION
control field 20230525154819.0
007 - PHYSICAL DESCRIPTION FIXED FIELD--GENERAL INFORMATION
fixed length control field cr||||
008 - FIXED-LENGTH DATA ELEMENTS--GENERAL INFORMATION
fixed length control field 870821s1987 cau 000 0 eng
010 ## - LIBRARY OF CONGRESS CONTROL NUMBER
LC control number 87024969
040 ## - CATALOGING SOURCE
Original cataloging agency DLC
Transcribing agency DLC
Modifying agency BAKER
-- BTCTA
-- OCLCG
-- CaSfIA
020 ## - INTERNATIONAL STANDARD BOOK NUMBER
International Standard Book Number 0931892155 (pbk.) :
Terms of availability $12.95
020 ## - INTERNATIONAL STANDARD BOOK NUMBER
International Standard Book Number 9780931892158 (pbk.)
035 ## - SYSTEM CONTROL NUMBER
System control number (OCoLC)16649413
050 0# - LIBRARY OF CONGRESS CALL NUMBER
Classification number BF1283.T74
Item number A3 1987
082 0# - DEWEY DECIMAL CLASSIFICATION NUMBER
Classification number 133.9/1
Edition number 19
029 1# - OTHER SYSTEM CONTROL NUMBER (OCLC)
OCLC library identifier AU@
System control number 000005514939
100 1# - MAIN ENTRY--PERSONAL NAME
Personal name Tremaine, Kit,
Dates associated with a name 1907-
245 14 - TITLE STATEMENT
Title The butterfly rises :
Medium [electronic resource]
Remainder of title one woman's transformation through the trance channeling of Verna V. Yater, Kevin Ryerson, and others /
Statement of responsibility, etc. Kit Tremaine.
260 ## - PUBLICATION, DISTRIBUTION, ETC.
Place of publication, distribution, etc. Nevada City, CA :
Name of publisher, distributor, etc. Blue Dolphin Pub.,
Date of publication, distribution, etc. 1987.
300 ## - PHYSICAL DESCRIPTION
Extent 216 p. ;
Dimensions 22 cm.
600 10 - SUBJECT ADDED ENTRY--PERSONAL NAME
Personal name Tremaine, Kit,
Dates associated with a name 1907-
650 #0 - SUBJECT ADDED ENTRY--TOPICAL TERM
Topical term or geographic name entry element Channeling (Spiritualism)
650 #0 - SUBJECT ADDED ENTRY--TOPICAL TERM
Topical term or geographic name entry element Spirit writings.
856 41 - ELECTRONIC LOCATION AND ACCESS
Uniform Resource Identifier <a href="http://www.archive.org/details/butterflyriseson00trem">http://www.archive.org/details/butterflyriseson00trem</a>
Public note Free eBook from the Internet Archive
856 42 - ELECTRONIC LOCATION AND ACCESS
Uniform Resource Identifier <a href="http://www.openlibrary.org/books/OL2395284M">http://www.openlibrary.org/books/OL2395284M</a>
Public note Additional information and access via Open Library
Holdings
Withdrawn status Lost status Damaged status Not for loan Collection Home library Current library Date acquired Total Checkouts Date last seen Price effective from Koha item type
        Project Gutenberg Main Library Main Library 05/25/2023   05/25/2023 05/25/2023 EBooks